000 00889nam a2200229Ia 4500
001 23034
003 GE_BSU
008 181216s||||||||xx |||||||||||||| ||und||
040 _cGE_BSU
080 _a821.111-31
100 _aგოლზუორთი, ჯონ, 1867-1933.
245 _aფორსაიტების საგა. [ტ.] 1
245 _cინგლ. თარგმ. ე. მაღრაძემ და ვ. ჭელიძემ.რედ:ლ.ელიოზიშვილი,მხატვ:.დ.დუნდუა.
260 _aთბილისი
260 _bსაბჭ. საქართველო,
260 _c1965.
300 _a649 გვ.22სმ.
541 _h4ლ.62თ.
653 _aმხატვრული ლიტერატურა
653 _aფორსაიტების საგა. [ტ.] 1
942 _cBK
999 _c55935
_d55935